[Event "ONGC 53rd National Premier Chess Championship 2015"]
[Site "Hotel Kasi's Inn,Tiruvarur"]
[Date "2015.11.25"]
[Round "10"]
[Board "4"]
[White "Karthikeyan, Murali"]
[Black "Vidit, Santosh Gujrathi"]
[Result "1-0"]
[WhiteElo "2498"]
[BlackElo "2651"]
[PlyCount "125"]
[EventDate "2015.11.15"]
[EventRounds "13"]
[EventCountry "IND"]

1. e4 e6 2. d4 d5 3. Nd2 c5 4. dxc5 Nf6 5. exd5 Qxd5 6. Ngf3 Qxc5 7. Bd3 Nbd7
8. O-O Qc7 9. c4 Be7 10. b3 b6 11. Bb2 Bb7 12. Qe2 Rd8 13. Rad1 O-O 14. Ne4 Nh5
15. Qe3 Nf4 16. Bb1 f5 17. Nc3 Bc5 18. Nb5 Bxe3 19. Nxc7 Bxf3 20. gxf3 Bc5 21.
Bc1 Ne2+ 22. Kg2 Nxc1 23. Nxe6 Ne2 24. Rd2 Nd4 25. Nxd8 Rxd8 26. b4 Nxf3 27.
Rd5 Nh4+ 28. Kg3 Bxb4 29. Kxh4 Be7+ 30. Kh3 Nc5 31. Rxd8+ Bxd8 32. Rd1 Bf6 33.
Bxf5 g6 34. Bc2 Kf7 35. f4 Be7 36. Kg4 Kg7 37. h4 Kf7 38. Rd5 Kg7 39. Rd1 Kf7
40. h5 Kf6 41. Rd2 gxh5+ 42. Kxh5 Ne6 43. Kg4 h6 44. Kf3 Bc5 45. Rg2 Nd4+ 46.
Ke4 a5 47. Rh2 Nf5 48. Bd1 Nd6+ 49. Kd5 Nf5 50. Kc6 Ne3 51. Be2 Kf5 52. Rxh6
Kxf4 53. Kb5 Ke5 54. Rxb6 Bxb6 55. Kxb6 Kd4 56. Kb5 a4 57. c5 Nd5 58. Bf3 Ne7
59. c6 a3 60. c7 Kc3 61. Bg4 Kb2 62. Be6 Kb1 63. Kc5 1-0

[Event "ONGC 53rd National Premier Chess Championship 2015"]
[Site "Hotel Kasi's Inn,Tiruvarur"]
[Date "2015.11.25"]
[Round "10"]
[Board "5"]
[White "Neelotpal, Das"]
[Black "Shyaamnikhil, P"]
[Result "1-0"]
[WhiteElo "2475"]
[BlackElo "2436"]
[PlyCount "107"]
[EventDate "2015.11.15"]
[EventRounds "13"]
[EventCountry "IND"]

1. e4 e5 2. Nf3 Nc6 3. Bb5 g6 4. d4 exd4 5. c3 dxc3 6. Nxc3 h6 7. Bd2 Bg7 8.
Qc1 Nge7 9. O-O Kf8 10. Nd5 d6 11. Bc3 Nxd5 12. exd5 Ne7 13. Re1 Bd7 14. Bxg7+
Kxg7 15. Qc3+ f6 16. Nd4 Nxd5 17. Qg3 c6 18. Bd3 g5 19. Re6 Nf4 20. Nf5+ Kf8
21. Rxd6 Bxf5 22. Rxd8+ Rxd8 23. Bf1 Kg7 24. Qa3 Rd7 25. Qxa7 h5 26. Qc5 Kg6
27. h4 Ne6 28. Qb4 gxh4 29. Qxh4 Rd4 30. Qg3+ Ng5 31. Qe3 c5 32. Bb5 Ne6 33.
Re1 h4 34. f3 Rhd8 35. b3 Rd2 36. Re2 R2d4 37. Kh2 Nf4 38. Re1 Ne6 39. Re2 Nf4
40. Re1 Ne6 41. Bc4 Ng5 42. Qe7 Rd2 43. Re2 b6 44. Bb5 Rxe2 45. Qxe2 Ne6 46.
Qe1 Rd4 47. Bc4 Ng5 48. Qe8+ Kh6 49. Qe7 Kg6 50. Bb5 Be6 51. Be8+ Kf5 52. Bh5
Rd7 53. Qe8 Rd6 54. Qg6+ 1-0

[Event "ONGC 53rd National Premier Chess Championship 2015"]
[Site "Hotel Kasi's Inn,Tiruvarur"]
[Date "2015.11.25"]
[Round "10"]
[Board "6"]
[White "Sengupta, Deep"]
[Black "Rathnakaran, K."]
[Result "1/2-1/2"]
[WhiteElo "2589"]
[BlackElo "2447"]
[PlyCount "123"]
[EventDate "2015.11.15"]
[EventRounds "13"]
[EventCountry "IND"]

1. e4 e6 2. d4 d5 3. Nd2 Nc6 4. Ngf3 Nf6 5. e5 Nd7 6. Bd3 Nb4 7. Be2 c5 8. c3
Nc6 9. O-O b6 10. Re1 Bb7 11. Nf1 Be7 12. Bd3 g5 13. Be3 h5 14. a3 g4 15. N3d2
Qc7 16. f4 gxf3 17. Nxf3 O-O-O 18. Rc1 Rdg8 19. Re2 c4 20. Bc2 f6 21. exf6 Bxf6
22. Bf2 e5 23. dxe5 Ndxe5 24. Nd4 h4 25. Be3 Kb8 26. Rf2 Ng4 27. Bf4 Be5 28.
Nxc6+ Bxc6 29. Bxe5 Nxe5 30. Bf5 Bd7 31. Qd4 Bxf5 32. Rxf5 Rh5 33. Qxd5 Rxg2+
34. Kxg2 Rxf5 35. Re1 Rg5+ 36. Kh1 Qb7 37. Qxb7+ Kxb7 38. Nd2 Nd3 39. Re2 b5
40. Nf3 Rg4 41. Nd4 a6 42. h3 Rg3 43. Kh2 Nf4 44. Re4 Rxh3+ 45. Kg1 Rg3+ 46.
Kh2 Rg2+ 47. Kh1 Rf2 48. b3 h3 49. bxc4 bxc4 50. Re7+ Kb6 51. Rh7 Kc5 52. Rh6
Kd5 53. Rxa6 Ne2 54. Nxe2 Rxe2 55. Ra8 Rc2 56. Rd8+ Ke5 57. Re8+ Kf4 58. a4
Rxc3 59. a5 Ra3 60. Rc8 Kg3 61. Rg8+ Kf2 62. Rc8 1/2-1/2

[Event "ONGC 53rd National Premier Chess Championship 2015"]
[Site "Hotel Kasi's Inn,Tiruvarur"]
[Date "2015.11.25"]
[Round "10"]
[Board "7"]
[White "Shyam, Sundar M."]
[Black "K., Praneeth Surya"]
[Result "0-1"]
[WhiteElo "2481"]
[BlackElo "2413"]
[PlyCount "52"]
[EventDate "2015.11.15"]
[EventRounds "13"]
[EventCountry "IND"]

1. e4 c5 2. Nf3 d6 3. d4 cxd4 4. Nxd4 Nf6 5. Nc3 a6 6. Be3 e5 7. Nb3 Be7 8. f3
Be6 9. Qd2 O-O 10. O-O-O a5 11. a4 Nc6 12. Kb1 Nb4 13. g4 Rc8 14. Rg1 d5 15. g5
Ne8 16. exd5 Bf5 17. Rc1 b6 18. f4 Nd6 19. fxe5 Ne4 20. Qd4 Nxc3+ 21. bxc3 Nxd5
22. Bd2 Bc5 23. Nxc5 bxc5 24. Qf2 c4 25. Re1 Qd7 26. Kc1 Qxa4 0-1

[Event "ONGC 53rd National Premier Chess Championship 2015"]
[Site "Hotel Kasi's Inn,Tiruvarur"]
[Date "2015.11.26"]
[Round "11"]
[Board "1"]
[White "K., Praneeth Surya"]
[Black "Venkatesh, M.R."]
[Result "1-0"]
[WhiteElo "2413"]
[BlackElo "2464"]
[PlyCount "83"]
[EventDate "2015.11.15"]
[EventRounds "13"]
[EventCountry "IND"]

1. e4 c5 2. Nf3 Nc6 3. Bb5 e6 4. O-O Nge7 5. Re1 Ng6 6. c3 a6 7. Bf1 Be7 8. d4
cxd4 9. cxd4 d5 10. Nc3 O-O 11. g3 dxe4 12. Nxe4 b6 13. Bg2 Ra7 14. Be3 Rd7 15.
Qe2 Bb7 16. h4 Bb4 17. Red1 Nge7 18. a3 Bd6 19. Bg5 Qa8 20. Ne5 Bxe5 21. dxe5
Nd4 22. Qd3 Ng6 23. f4 Rc8 24. Rac1 Rxc1 25. Rxc1 Nf8 26. Re1 h6 27. Bf6 Kh8
28. Qd1 Nf5 29. Qh5 Kg8 30. Bxg7 Kxg7 31. g4 Ng3 32. Nxg3 Bxg2 33. g5 Bh3 34.
Re2 Nh7 35. Kh2 Bf5 36. gxh6+ Kh8 37. Nxf5 exf5 38. Qxf5 Rc7 39. e6 Re7 40. Rg2
Qf8 41. Rg7 Qxg7 42. hxg7+ 1-0

[Event "ONGC 53rd National Premier Chess Championship 2015"]
[Site "Hotel Kasi's Inn,Tiruvarur"]
[Date "2015.11.26"]
[Round "11"]
[Board "2"]
[White "Rathnakaran, K."]
[Black "Shyam, Sundar M."]
[Result "1/2-1/2"]
[WhiteElo "2447"]
[BlackElo "2481"]
[PlyCount "96"]
[EventDate "2015.11.15"]
[EventRounds "13"]
[EventCountry "IND"]

1. e4 c6 2. Nc3 d5 3. Nf3 Bg4 4. h3 Bxf3 5. Qxf3 e6 6. d3 Nd7 7. Qg3 Qb6 8. Be2
g6 9. O-O Bg7 10. Kh1 Ne7 11. a4 O-O 12. Qd6 Qd8 13. Bg5 Re8 14. a5 h6 15. Bh4
Nc8 16. Bxd8 Nxd6 17. Bh4 dxe4 18. Nxe4 Nxe4 19. dxe4 Nc5 20. f3 Bxb2 21. Rab1
Bd4 22. Rb4 e5 23. f4 b5 24. axb6 axb6 25. fxe5 Bxe5 26. Bc4 Ra7 27. Rxb6 Nxe4
28. Rxc6 Kg7 29. Bd5 Ng3+ 30. Bxg3 Bxg3 31. c4 f5 32. Rb6 h5 33. Rb3 h4 34.
Rb7+ Rxb7 35. Bxb7 Re5 36. Kg1 g5 37. Bf3 Kf6 38. Rb1 Ke6 39. Kf1 Kd6 40. Rb6+
Kc5 41. Rb5+ Kxc4 42. Rxe5 Bxe5 43. Ke2 Kd4 44. Bb7 g4 45. hxg4 fxg4 46. Bc8 h3
47. gxh3 gxh3 48. Bxh3 Kd5 1/2-1/2

[Event "ONGC 53rd National Premier Chess Championship 2015"]
[Site "Hotel Kasi's Inn,Tiruvarur"]
[Date "2015.11.26"]
[Round "11"]
[Board "3"]
[White "Shyaamnikhil, P"]
[Black "Sengupta, Deep"]
[Result "1/2-1/2"]
[WhiteElo "2436"]
[BlackElo "2589"]
[PlyCount "158"]
[EventDate "2015.11.15"]
[EventRounds "13"]
[EventCountry "IND"]

1. c4 Nf6 2. d4 e6 3. Nc3 Bb4 4. e3 b6 5. Nge2 Ne4 6. Bd2 Nxd2 7. Qxd2 Bb7 8.
a3 Be7 9. Nf4 O-O 10. Be2 d6 11. O-O Nd7 12. Qd1 e5 13. dxe5 dxe5 14. Nfd5 c6
15. Nxe7+ Qxe7 16. Ne4 Rfd8 17. Qd6 Kf8 18. Rfd1 Nf6 19. Qxe7+ Kxe7 20. Nc3 c5
21. f3 Bc6 22. Kf2 Rxd1 23. Rxd1 Rd8 24. Rxd8 Kxd8 25. Bd3 Ke7 26. Bc2 Ne8 27.
Ba4 Bxa4 28. Nxa4 Nd6 29. b3 Nb7 30. Nb2 Na5 31. b4 cxb4 32. axb4 Nc6 33. b5
Na5 34. Ke2 Kd6 35. Kd3 Nb3 36. Kc3 Nc5 37. Nd3 Ne6 38. Nb4 f5 39. Nd5 h5 40.
Kd3 Nc5+ 41. Kc3 Ne6 42. Kd3 h4 43. Kc3 Ng5 44. h3 Ne6 45. Kb4 Nc5 46. Kc3 e4
47. f4 Nd3 48. Nb4 Ne1 49. Kd2 Nxg2 50. Na6 g5 51. fxg5 f4 52. exf4 Nxf4 53.
Ke3 Ke5 54. Nb8 Nxh3 55. Nc6+ Kf5 56. g6 Kxg6 57. Kxe4 Kh5 58. Kf3 Ng5+ 59. Kf4
Ne6+ 60. Kf3 Ng5+ 61. Kf4 Nf7 62. Nxa7 Nd6 63. Nc6 Nxc4 64. Ne7 Nb2 65. Nd5
Nd3+ 66. Kf3 Ne5+ 67. Kf4 Nd7 68. Ne7 Nf6 69. Nc8 Nd5+ 70. Kf3 Kg5 71. Nd6 Nf6
72. Nc4 Nd7 73. Kg2 Kg4 74. Ne3+ Kf4 75. Nd5+ Kg4 76. Ne3+ Kf4 77. Nd5+ Ke4 78.
Nxb6 Nxb6 79. Kh3 Kd5 1/2-1/2

[Event "ONGC 53rd National Premier Chess Championship 2015"]
[Site "Hotel Kasi's Inn,Tiruvarur"]
[Date "2015.11.26"]
[Round "11"]
[Board "4"]
[White "Vidit, Santosh Gujrathi"]
[Black "Neelotpal, Das"]
[Result "1/2-1/2"]
[WhiteElo "2651"]
[BlackElo "2475"]
[PlyCount "97"]
[EventDate "2015.11.15"]
[EventRounds "13"]
[EventCountry "IND"]

1. d4 Nf6 2. c4 e6 3. Nc3 Bb4 4. Qc2 O-O 5. Nf3 d6 6. g3 Nc6 7. Bg2 e5 8. d5
Ne7 9. O-O Bxc3 10. Qxc3 Bg4 11. h3 Bh5 12. Re1 b5 13. e4 a6 14. c5 Nd7 15. g4
Bg6 16. c6 Nc5 17. Nd2 b4 18. Qg3 a5 19. Nc4 Qb8 20. Bd2 f6 21. b3 a4 22. Qe3
Bf7 23. Rab1 Ng6 24. a3 Nxb3 25. Bxb4 Qd8 26. Bc3 Nf4 27. Bf1 h5 28. Nd2 hxg4
29. hxg4 Nc5 30. Rb5 g5 31. Rxc5 dxc5 32. Qxc5 Kg7 33. Nc4 Rh8 34. Ne3 Bg6 35.
f3 Rh3 36. Bxh3 Nxh3+ 37. Kf1 Nf4 38. Ng2 Nd3 39. Qe3 Nxe1 40. Nxe1 Qh8 41. Kg2
Qh7 42. Nd3 Rh8 43. Nf2 Qh2+ 44. Kf1 Qg3 45. Be1 Bf7 46. Ba5 Rb8 47. Bb4 Rh8
48. Ba5 Rb8 49. Bb4 1/2-1/2

[Event "ONGC 53rd National Premier Chess Championship 2015"]
[Site "Hotel Kasi's Inn,Tiruvarur"]
[Date "2015.11.26"]
[Round "11"]
[Board "5"]
[White "Kunte, Abhijit"]
[Black "Karthikeyan, Murali"]
[Result "1/2-1/2"]
[WhiteElo "2515"]
[BlackElo "2498"]
[PlyCount "59"]
[EventDate "2015.11.15"]
[EventRounds "13"]
[EventCountry "IND"]

1. Nf3 Nf6 2. g3 g6 3. Bg2 Bg7 4. O-O O-O 5. d4 d6 6. c4 Nbd7 7. Nc3 e5 8. e3
Re8 9. a4 a5 10. b3 c6 11. h3 exd4 12. exd4 Nf8 13. Be3 Bf5 14. Rc1 Ne4 15.
Nxe4 Bxe4 16. d5 Bxf3 17. Bxf3 c5 18. Bd2 Bd4 19. Qc2 Qf6 20. Kg2 Nd7 21. Rce1
b6 22. Rxe8+ Rxe8 23. Re1 Ne5 24. Qe4 Kg7 25. Qf4 Qxf4 26. gxf4 Nxf3 27. Kxf3
Rxe1 28. Bxe1 Kf6 29. Ke4 Kg7 30. Kf3 1/2-1/2

[Event "ONGC 53rd National Premier Chess Championship 2015"]
[Site "Hotel Kasi's Inn,Tiruvarur"]
[Date "2015.11.26"]
[Round "11"]
[Board "6"]
[White "Swapnil, S. Dhopade"]
[Black "Karthikeyan, P."]
[Result "1/2-1/2"]
[WhiteElo "2497"]
[BlackElo "2441"]
[PlyCount "56"]
[EventDate "2015.11.15"]
[EventRounds "13"]
[EventCountry "IND"]

1. d4 Nf6 2. c4 e6 3. Nf3 b6 4. g3 Bb4+ 5. Nbd2 Ba6 6. Qc2 O-O 7. Bg2 d5 8. O-O
Bb7 9. cxd5 exd5 10. Ne5 Re8 11. Ndf3 Ne4 12. Bf4 Bd6 13. Nd3 Na6 14. Rac1 c5
15. dxc5 bxc5 16. Bxd6 Qxd6 17. Nd2 Qb6 18. b3 Nf6 19. e3 h6 20. a3 Rac8 21.
Rfe1 Rc7 22. h3 Rec8 23. Nb2 Qa5 24. Ra1 Qb5 25. e4 c4 26. bxc4 dxc4 27. Bf1
Nc5 28. Nbxc4 Ncxe4 1/2-1/2

[Event "ONGC 53rd National Premier Chess Championship 2015"]
[Site "Hotel Kasi's Inn,Tiruvarur"]
[Date "2015.11.26"]
[Round "11"]
[Board "7"]
[White "Das, Arghyadip"]
[Black "Sethuraman, S.P."]
[Result "0-1"]
[WhiteElo "2456"]
[BlackElo "2651"]
[PlyCount "102"]
[EventDate "2015.11.15"]
[EventRounds "13"]
[EventCountry "IND"]

1. e4 g6 2. d4 Bg7 3. Nc3 d6 4. g3 Nf6 5. Bg2 O-O 6. Nge2 Nbd7 7. O-O c5 8. h3
Rb8 9. Be3 b6 10. Re1 a6 11. Qd2 Bb7 12. Rad1 cxd4 13. Nxd4 b5 14. Bh6 Bxh6 15.
Qxh6 e5 16. Nf3 b4 17. Nd5 Bxd5 18. exd5 Rc8 19. Re2 Qa5 20. Ng5 Rfe8 21. Rd3
Qxa2 22. Re4 Rc4 23. Rf3 Rxe4 24. Nxe4 Nxe4 25. Rxf7 Kxf7 26. Qxh7+ Kf6 27.
Qxd7 Re7 28. Qc8 Qa1+ 29. Kh2 Kg7 30. Bxe4 Qe1 31. Qg4 Qxf2+ 32. Kh1 Qf6 33. h4
Rf7 34. Bg2 a5 35. b3 Qf5 36. Qc4 Qf2 37. Kh2 Qd2 38. Kh3 Qc3 39. Qg4 Rf5 40.
Qe2 Qc8 41. Kh2 Qc5 42. Kh3 Rf2 43. Qg4 Qxc2 44. Qd7+ Kh6 45. Qe7 Qf5+ 46. g4
Qd3+ 47. Kh2 Qxd5 48. g5+ Kh5 49. Qh7+ Kg4 50. Qd7+ Kf4 51. Qh3 Qxg2+ 0-1

[Event "ONGC 53rd National Premier Chess Championship 2015"]
[Site "Hotel Kasi's Inn,Tiruvarur"]
[Date "2015.11.27"]
[Round "12"]
[Board "1"]
[White "Venkatesh, M.R."]
[Black "Sethuraman, S.P."]
[Result "0-1"]
[WhiteElo "2464"]
[BlackElo "2651"]
[PlyCount "74"]
[EventDate "2015.11.15"]
[EventRounds "13"]
[EventCountry "IND"]

1. Nf3 Nf6 2. g3 c5 3. Bg2 Nc6 4. d3 d5 5. Nbd2 g6 6. O-O Bg7 7. e4 O-O 8. Re1
e5 9. exd5 Nxd5 10. Nc4 f6 11. Nfd2 Be6 12. Ne4 Qe7 13. f4 exf4 14. gxf4 Rad8
15. Qf3 Nd4 16. Qf2 Nb4 17. Na3 h6 18. Be3 f5 19. Ng3 b5 20. Rad1 Nxa2 21. c3
b4 22. Nb1 Nb3 23. Qc2 a5 24. Bc6 Qf6 25. Ba4 Na1 26. Qf2 Bb3 27. Bb5 Bxd1 28.
Bc4+ Kh7 29. Rxd1 bxc3 30. bxc3 Nxc3 31. Nxc3 Qxc3 32. Qa2 Nc2 33. Rc1 Rfe8 34.
Bf2 Nb4 35. Rxc3 Nxa2 36. Ra3 Nb4 37. Rxa5 Nxd3 0-1

[Event "ONGC 53rd National Premier Chess Championship 2015"]
[Site "Hotel Kasi's Inn,Tiruvarur"]
[Date "2015.11.27"]
[Round "12"]
[Board "2"]
[White "Karthikeyan, P."]
[Black "Das, Arghyadip"]
[Result "1/2-1/2"]
[WhiteElo "2441"]
[BlackElo "2456"]
[PlyCount "48"]
[EventDate "2015.11.15"]
[EventRounds "13"]
[EventCountry "IND"]

1. Nf3 Nf6 2. g3 d5 3. Bg2 c6 4. O-O Bg4 5. d3 e6 6. Nbd2 Nbd7 7. Qe1 Bd6 8. e4
Qc7 9. a4 O-O 10. h3 Bh5 11. Nh4 Rfe8 12. Nb3 e5 13. Kh1 dxe4 14. dxe4 c5 15.
Nf5 Bf8 16. c4 Qb6 17. Qc3 Bg6 18. Qc2 Qc6 19. Re1 h6 20. Nd2 Nb8 21. Nf1 Qc8
22. f4 Nc6 23. fxe5 Rxe5 24. Bf4 Re8 1/2-1/2

[Event "ONGC 53rd National Premier Chess Championship 2015"]
[Site "Hotel Kasi's Inn,Tiruvarur"]
[Date "2015.11.27"]
[Round "12"]
[Board "3"]
[White "Karthikeyan, Murali"]
[Black "Swapnil, S. Dhopade"]
[Result "1-0"]
[WhiteElo "2498"]
[BlackElo "2497"]
[PlyCount "109"]
[EventDate "2015.11.15"]
[EventRounds "13"]
[EventCountry "IND"]

1. e4 c6 2. d4 d5 3. e5 c5 4. Nf3 cxd4 5. Nxd4 e6 6. c4 Bc5 7. Nb3 Bb6 8. cxd5
exd5 9. Nc3 Ne7 10. Bb5+ Nbc6 11. O-O O-O 12. Re1 d4 13. Na4 Bc7 14. Bf4 Ng6
15. Bxc6 Nxf4 16. Bf3 Ng6 17. e6 Bxe6 18. Nxd4 Qd6 19. g3 Bd7 20. Nc3 Rad8 21.
Ndb5 Bxb5 22. Qxd6 Bxd6 23. Nxb5 Be5 24. Re2 a6 25. Nc3 Bxc3 26. bxc3 b5 27. a4
Rd3 28. Bb7 Rxc3 29. a5 Rb8 30. Bxa6 Rc7 31. Rb2 Rc5 32. Rd2 Rc7 33. Rd5 b4 34.
Rb5 Rxb5 35. Bxb5 Ne7 36. a6 Nc8 37. Rb1 Kf8 38. Rxb4 Na7 39. Bd3 Ke7 40. Be4
Kd6 41. Rb6+ Kd7 42. Bxh7 g6 43. h4 Ke7 44. g4 Rc4 45. f3 Nc6 46. a7 Nxa7 47.
Rb7+ Kf8 48. Rxa7 Kg7 49. h5 gxh5 50. Bf5 hxg4 51. Bxg4 Kg6 52. Ra5 Rf4 53. Kg2
Rb4 54. Kg3 Rb3 55. Bh5+ 1-0

[Event "ONGC 53rd National Premier Chess Championship 2015"]
[Site "Hotel Kasi's Inn,Tiruvarur"]
[Date "2015.11.27"]
[Round "12"]
[Board "4"]
[White "Neelotpal, Das"]
[Black "Kunte, Abhijit"]
[Result "0-1"]
[WhiteElo "2475"]
[BlackElo "2515"]
[PlyCount "90"]
[EventDate "2015.11.15"]
[EventRounds "13"]
[EventCountry "IND"]

1. e4 c5 2. Nf3 e6 3. d4 cxd4 4. Nxd4 a6 5. c4 Nf6 6. Nc3 Qc7 7. Be2 Be7 8. O-O
O-O 9. Be3 d6 10. Rc1 b6 11. b4 Bb7 12. f3 Nbd7 13. a3 Rac8 14. Qd2 Qb8 15.
Rfd1 Rfe8 16. Kh1 h5 17. Nb3 h4 18. Bf4 Ne5 19. Bxe5 dxe5 20. Qe3 Ba8 21. Na4
Bd8 22. Rxd8 Rcxd8 23. Nxb6 Nh5 24. c5 Nf4 25. Bf1 Bc6 26. g3 hxg3 27. hxg3 Nh5
28. Qg5 Nf6 29. Na5 Qc7 30. Bxa6 Nxe4 31. fxe4 Bxe4+ 32. Kg1 f5 33. Bf1 Rf8 34.
Nbc4 Rf6 35. Nd6 Ba8 36. Bg2 f4 37. Bxa8 Rxd6 38. Be4 Rd4 39. Re1 Rxe4 40. Rxe4
Qd7 41. Qxe5 Qd1+ 42. Kg2 f3+ 43. Kh3 Qh1+ 44. Kg4 f2 45. Qb8+ Kh7 0-1

[Event "ONGC 53rd National Premier Chess Championship 2015"]
[Site "Hotel Kasi's Inn,Tiruvarur"]
[Date "2015.11.27"]
[Round "12"]
[Board "5"]
[White "Sengupta, Deep"]
[Black "Vidit, Santosh Gujrathi"]
[Result "1/2-1/2"]
[WhiteElo "2589"]
[BlackElo "2651"]
[PlyCount "157"]
[EventDate "2015.11.15"]
[EventRounds "13"]
[EventCountry "IND"]

1. d4 Nf6 2. c4 g6 3. Nc3 d5 4. Nf3 Bg7 5. cxd5 Nxd5 6. Na4 Nf6 7. Bf4 O-O 8.
e3 c6 9. Bd3 Qa5+ 10. Nc3 c5 11. O-O cxd4 12. Nxd4 Nc6 13. Nb3 Qb6 14. Rc1 Bg4
15. Qe1 Rfd8 16. Bc4 Qb4 17. Nb5 Nh5 18. Bc7 Qxe1 19. Rfxe1 Rdc8 20. h3 Bd7 21.
Bh2 Bxb2 22. Nc7 Bxc1 23. Rxc1 Rxc7 24. Bxc7 Rc8 25. Bh2 Nb4 26. a3 Na2 27. Rc2
Be6 28. Bd3 Rxc2 29. Bxc2 Nc3 30. Nc5 Bd5 31. Be5 Nb5 32. a4 Nd6 33. e4 Bc6 34.
f3 Nf6 35. Bd4 Nfe8 36. Nd3 b6 37. Ne5 Bb7 38. Bb3 Nc7 39. Kf2 Kf8 40. h4 f6
41. Nd3 Ba6 42. Nb4 Bc4 43. Bc2 Ne6 44. Be3 Nd8 45. h5 gxh5 46. e5 fxe5 47.
Bxh7 Kg7 48. Bc2 Be6 49. Bd2 a5 50. Nd3 Bf5 51. Bc3 N8f7 52. Ke2 Kf6 53. Bd1
Bxd3+ 54. Kxd3 Kf5 55. Ke3 h4 56. Bc2+ Kg5 57. Bb3 Kf6 58. Kd3 Nb7 59. Kc4
Nbd6+ 60. Kd3 Nb7 61. Kc4 Nfd6+ 62. Kd5 e6+ 63. Kc6 Nc5 64. Bc2 Nc4 65. Be1 Kg5
66. Bf2 Na3 67. Bd1 Nd3 68. Bxb6 Nc4 69. Bd8+ Kf4 70. Bxh4 Ncb2 71. Bb3 Nc1 72.
Bxe6 Ne2 73. Bd5 Nxa4 74. g3+ Nxg3 75. Bd8 Nc3 76. Bxa5 Nge2 77. Kc5 Nxd5 78.
Kxd5 Nd4 79. Bc7 1/2-1/2

[Event "ONGC 53rd National Premier Chess Championship 2015"]
[Site "Hotel Kasi's Inn,Tiruvarur"]
[Date "2015.11.27"]
[Round "12"]
[Board "6"]
[White "Shyam, Sundar M."]
[Black "Shyaamnikhil, P"]
[Result "1-0"]
[WhiteElo "2481"]
[BlackElo "2436"]
[PlyCount "95"]
[EventDate "2015.11.15"]
[EventRounds "13"]
[EventCountry "IND"]

1. c4 c5 2. Nf3 Nf6 3. Nc3 d5 4. cxd5 Nxd5 5. e3 Nc6 6. Bb5 Nxc3 7. bxc3 Bd7 8.
O-O g6 9. Ba3 b6 10. d4 Bg7 11. dxc5 O-O 12. Qa4 Qc7 13. Nd4 Rfc8 14. Rab1 bxc5
15. Bxc5 Ne5 16. Ba3 Bxb5 17. Rxb5 Qd7 18. Ra5 Qxa4 19. Rxa4 Bf6 20. Bb4 Nc4
21. Ra6 Nb6 22. Rd1 e6 23. Nb5 Kg7 24. e4 Nc4 25. g3 Rd8 26. Rxd8 Rxd8 27. Rxa7
Rd1+ 28. Kg2 Rd2 29. Bc5 Bg5 30. Ra4 Ne3+ 31. Kf3 Nc2 32. Bd4+ Nxd4+ 33. cxd4
Rd3+ 34. Ke2 Rd2+ 35. Ke1 Rb2 36. Nd6 Rb1+ 37. Ke2 Rb2+ 38. Kf1 Be7 39. Nc4 Rc2
40. Ne5 Bf6 41. Nf3 h5 42. h4 Rb2 43. Ra7 Kf8 44. a4 Rb4 45. e5 Bd8 46. Ra8 Ke7
47. Ng5 Bb6 48. Rb8 1-0

[Event "ONGC 53rd National Premier Chess Championship 2015"]
[Site "Hotel Kasi's Inn,Tiruvarur"]
[Date "2015.11.27"]
[Round "12"]
[Board "7"]
[White "K., Praneeth Surya"]
[Black "Rathnakaran, K."]
[Result "0-1"]
[WhiteElo "2413"]
[BlackElo "2447"]
[PlyCount "66"]
[EventDate "2015.11.15"]
[EventRounds "13"]
[EventCountry "IND"]

1. e4 e6 2. d4 d5 3. Nc3 Nc6 4. e5 f6 5. Bb5 Bd7 6. Nf3 Qe7 7. O-O Qf7 8. Re1
Nge7 9. Bf4 O-O-O 10. Rb1 f5 11. Qd3 h6 12. Na4 g5 13. Bc1 g4 14. Nd2 Nb4 15.
Bxd7+ Rxd7 16. Qb3 Nec6 17. c3 Nd3 18. Rd1 f4 19. Qc2 Nxc1 20. Rdxc1 f3 21. g3
h5 22. Nf1 h4 23. b4 Qh5 24. Nb2 Bh6 25. Rd1 Rf7 26. Nd3 Ne7 27. Qa4 hxg3 28.
fxg3 Be3+ 29. Nf2 Nf5 30. h4 Nxg3 31. Nxe3 Qxh4 32. Nexg4 Ne4 33. Kf1 Qh1+ 0-1

[Event "ONGC 53rd National Premier Chess Championship 2015"]
[Site "Hotel Kasi's Inn,Tiruvarur"]
[Date "2015.11.28"]
[Round "13"]
[Board "1"]
[White "Rathnakaran, K."]
[Black "Venkatesh, M.R."]
[Result "1-0"]
[WhiteElo "2447"]
[BlackElo "2464"]
[PlyCount "123"]
[EventDate "2015.11.15"]
[EventRounds "13"]
[EventCountry "IND"]

1. e4 c5 2. Nf3 e6 3. d3 Nc6 4. g3 g6 5. Bg2 Bg7 6. O-O Nge7 7. c3 e5 8. Be3 d6
9. a3 O-O 10. b4 b6 11. b5 Na5 12. c4 h6 13. Nc3 a6 14. bxa6 Rxa6 15. Rb1 Nac6
16. Qc1 Kh7 17. Nd2 f5 18. exf5 Bxf5 19. Nde4 Qd7 20. Nb5 Nc8 21. Re1 N6e7 22.
Re2 Be6 23. Reb2 Nf5 24. Nec3 Nce7 25. Bd2 Rc8 26. Nd5 Nxd5 27. cxd5 Bf7 28.
Be4 Be8 29. h4 h5 30. Bg5 Bf8 31. Qd1 Qf7 32. Nc3 Rxa3 33. Bd2 c4 34. Bg2 cxd3
35. Ne4 Be7 36. Bb4 Ra7 37. Qxd3 Rac7 38. Qa3 Rd8 39. Qa6 Rb8 40. Ba5 Rbc8 41.
Rxb6 Rc1+ 42. Rxc1 Rxc1+ 43. Kh2 Ra1 44. Rb7 Kh8 45. Qa7 Qf8 46. Rb8 Nh6 47. f3
Bxh4 48. Qa8 Bxg3+ 49. Nxg3 Qf4 50. Rxe8+ Kg7 51. Qb7+ Nf7 52. Qb4 Rxa5 53.
Qxa5 h4 54. Qe1 Nh6 55. Bh3 hxg3+ 56. Qxg3 Qd2+ 57. Kg1 Qc1+ 58. Kg2 Qd2+ 59.
Qf2 Qg5+ 60. Kh2 Qf4+ 61. Kh1 Qc1+ 62. Qf1 1-0

[Event "ONGC 53rd National Premier Chess Championship 2015"]
[Site "Hotel Kasi's Inn,Tiruvarur"]
[Date "2015.11.28"]
[Round "13"]
[Board "2"]
[White "Shyaamnikhil, P"]
[Black "K., Praneeth Surya"]
[Result "1-0"]
[WhiteElo "2436"]
[BlackElo "2413"]
[PlyCount "91"]
[EventDate "2015.11.15"]
[EventRounds "13"]
[EventCountry "IND"]

1. e4 c5 2. Nf3 d6 3. Bb5+ Nd7 4. O-O a6 5. Bd3 Ngf6 6. c3 b5 7. Bc2 Bb7 8. Re1
c4 9. b3 e6 10. Qe2 Qc7 11. bxc4 bxc4 12. Na3 Rc8 13. Rb1 Ba8 14. d3 cxd3 15.
Bxd3 Nc5 16. Bxa6 Nxa6 17. Qxa6 Bxe4 18. Nb5 Qc6 19. Qxc6+ Rxc6 20. Nfd4 Rc8
21. Rb3 Kd7 22. Bg5 Bd5 23. c4 Bxc4 24. Ra3 Bxb5 25. Nxb5 Rc5 26. Ra7+ Kc6 27.
Nd4+ Kb6 28. Rxf7 Rxg5 29. Rb1+ Ka6 30. Nxe6 Re5 31. Nc7+ Ka5 32. Nd5 Be7 33.
Nxe7 Rc5 34. Nc8 Rc6 35. Ra7+ Ra6 36. Rxa6+ Kxa6 37. Nxd6 Rd8 38. Nf5 g6 39.
Ne3 Ne4 40. Rd1 Rb8 41. f3 Nc3 42. Rd2 Rb1+ 43. Kf2 Ra1 44. Nd5 Nxd5 45. Rxd5
Rxa2+ 46. Kg3 1-0

[Event "ONGC 53rd National Premier Chess Championship 2015"]
[Site "Hotel Kasi's Inn,Tiruvarur"]
[Date "2015.11.28"]
[Round "13"]
[Board "3"]
[White "Vidit, Santosh Gujrathi"]
[Black "Shyam, Sundar M."]
[Result "1/2-1/2"]
[WhiteElo "2651"]
[BlackElo "2481"]
[PlyCount "104"]
[EventDate "2015.11.15"]
[EventRounds "13"]
[EventCountry "IND"]

1. d4 Nf6 2. c4 e6 3. g3 d5 4. Bg2 dxc4 5. Nf3 Bb4+ 6. Nbd2 b5 7. O-O a5 8. a3
Be7 9. b3 cxb3 10. Qxb3 O-O 11. Qxb5 c5 12. dxc5 Ba6 13. Qb2 Nd5 14. Ne4 Nd7
15. c6 N7f6 16. Nd4 Nxe4 17. Bxe4 Bf6 18. Rd1 h6 19. Qc2 Bxe2 20. Nxe2 Bxa1 21.
Nf4 Be5 22. Bxd5 exd5 23. Nxd5 Rc8 24. Be3 Qe8 25. c7 Qe6 26. Bb6 h5 27. Bxa5
h4 28. Qe4 hxg3 29. hxg3 Rfe8 30. Bb4 Bxg3 31. Qxe6 fxe6 32. Ne7+ Rxe7 33. Bxe7
Bxc7 34. Kg2 Bb6 35. Rd2 Rc4 36. Rd6 Kf7 37. Rd7 Kg6 38. Rb7 Bd4 39. Rb4 Rxb4
40. axb4 Kf7 41. Bc5 Bxc5 42. bxc5 Ke7 43. Kf3 Kd7 44. Ke4 Kc6 45. Kd4 e5+ 46.
Kxe5 Kxc5 47. f4 Kc4 48. f5 Kd3 49. Kf4 Kd4 50. Kg5 Ke4 51. Kg6 Kf4 52. Kxg7
Kxf5 1/2-1/2